Right or Wrong Catchphrase? Quiz Stats

 Plays Quiz Updated Apr 9, 2018

Score 0/25 Timer 03:00
0 Plays Today
Question Answer Wrong Answers
Friends
'What's up, Doc?'
Wrong
93.8%
Right
2.7%
Ren and Stimpy
'Yabba, dabba doo!'
Wrong
93.7%
Right
2.8%
Star Trek
'Live long and prosper'
Right
93.6%
Wrong
2.9%
The Simpsons
'Eat my shorts'
Right
91.4%
Wrong
5.1%
Batman
'Look! Up in the sky! It's a bird! It's a plane! It's Superman!'
Wrong
91.1%
Right
5.4%
Seinfeld
'No soup for you!'
Right
90.8%
Wrong
5.6%
Diff'rent Strokes
'Whatchoo talkin' 'bout, Willis?'
Right
90.1%
Wrong
6.3%
Hawaii Five-O
'Book 'em, Danno!'
Right
89.5%
Wrong
6.8%
Beavis and Butthead
'Heh heh'
Right
89.5%
Wrong
6.9%
The Brady Bunch
'Norm!'
Wrong
85.1%
Right
11.3%
Dennis the Menace
'You eeeediot!'
Wrong
81.8%
Right
14.4%
Wheel of Fortune
'What you see is what you get!'
Wrong
81.8%
Right
14.5%
Alice
'Marcia, Marcia, Marcia!'
Wrong
81.7%
Right
14.6%
Lost
'De plane, de plane!'
Wrong
81%
Right
15.3%
Welcome Back, Kotter
'Up your nose with a rubber hose'
Right
80.9%
Wrong
15.2%
South Park
'Kiss my grits!'
Wrong
80.6%
Right
15.7%
The Honeymooners
'Bang, zoom, straight to the moon.'
Right
80.2%
Wrong
16%
The Daily Show
'Here's Johnny'
Wrong
79.3%
Right
17.2%
Taxi
'Thank you veddy much!'
Right
79.1%
Wrong
17.1%
The Big Bang Theory
'Kachow!'
Wrong
77.1%
Right
19.4%
The Price is Right
'Big bucks, no whammies!'
Wrong
77.1%
Right
19.2%
Sanford and Son
'Elizabeth, I'm coming!'
Right
72.3%
Wrong
23.9%
Jersey Shore
'We've got a situation.'
Right
65.9%
Wrong
30.4%
Boston Legal
'God'll get you for that!'
Wrong
60.4%
Right
35.8%
Doctor Who
'Spoilers.'
Right
47.5%
Wrong
48.8%

You're not logged in!

Compare scores with friends on all Sporcle quizzes.
OR
Log In

Sporcle TV

Today on Sporcle TV


Watch our educational content, quiz creation guides, and fun videos on Sporcle TV.

Show Comments

Extras

Top Quizzes Today


Score Distribution

Your Account Isn't Verified!

In order to create a playlist on Sporcle, you need to verify the email address you used during registration. Go to your Sporcle Settings to finish the process.

Report this User

Report this user for behavior that violates our Community Guidelines.

Details: